| 000 | 00402nam a2200145 a 4500 | ||
|---|---|---|---|
| 020 | _a0117009113 (pbk.) : | ||
| 082 | 0 | 0 |
_a624 _bDUG _cN-02,P-99 |
| 100 |
_aDuggal, S.k _938831 |
||
| 245 | 0 | 0 | _aBuilding materials |
| 250 | _a5th ed | ||
| 260 |
_aLondon : _bNew age international ltd., _c2019. |
||
| 300 |
_axx, 600 p. : _bill. ; _c26 cm. |
||
| 526 |
_a0 _b0 _c0 _d624_000000000000000_DUG |
||
| 942 |
_2ddc _cBK |
||
| 999 |
_c554298 _d554298 |
||